Rudolf Bultmann en el pensamiento católico

Furkejuvvon:
Bibliográfalaš dieđut
Váldodahkkit: O'Meara, Thomas F. (autor), Weisser, Donald M (Dahkki)
Materiálatiipa: Girji
Giella:espánnjágiella
Almmustuhtton: Santander Sal Terrae 1970
Ráidu:Colección Teología y Mundo Actual, 25
Fáttát:
Fáddágilkorat: Lasit fáddágilkoriid
Eai fáddágilkorat, Lasit vuosttaš fáddágilkora!

MARC

LEADER 00000nam a2200000 a 4500
001 UCJ0162
003 CL-VaPUC
008 060707e19700000SP |||||||||||||||||spa|d
082 0 4 |a 230.01  |b OME  |2 21 
100 |a O'Meara, Thomas F.  |e autor  |9 500195 
700 0 |a Weisser, Donald M  |e author  |9 500196 
245 1 0 |a Rudolf Bultmann en el pensamiento católico 
300 |a 239 p 
942 |c BK 
945 |d 20060707 00:00:00  |a cmena 
260 |a Santander  |b Sal Terrae  |c 1970 
600 0 7 |a BULTMANN, RUDOLF  |2 CL-VaPUC  |9 482854 
650 0 |a Teología cristiana  |9 308336 
650 0 |a Filosofía de la religión   |9 256017 
650 0 |a Sacramentos   |9 257270 
650 0 |a Evangelios  |9 314864 
583 |a last modification  |c 20060707 00:00:00  |k Rodrigo Vera 
490 0 |a Colección Teología y Mundo Actual, 25 
999 |c 317090  |d 317088 
952 |0 0  |1 0  |4 0  |6 230_010000000000000_OME_1970  |7 0  |8 A  |9 392848  |a BIBTEO  |b BIBTEO  |d 2019-11-22  |i 4245997  |o 230.01 OME 1970  |p 4245997  |r 2025-01-17  |w 2019-11-22  |y BK  |k ICR